| 000 | 00432nam a2200157 4500 | ||
|---|---|---|---|
| 005 | 20260505123315.0 | ||
| 008 | 260505b |||||||| |||| 00| 0 eng d | ||
| 020 | _a9783031669392 | ||
| 082 |
_a006.33 _bHAN-C |
||
| 100 | _aHan Jie ,Qiu Wei | ||
| 245 |
_aChat GPT In Scientific Research And Writing _b A Beginner,s Guide |
||
| 260 |
_aSwitzerland _bSpringer Publishers |
||
| 300 | _a134p | ||
| 650 | _aEducation | ||
| 942 | _cBK | ||
| 999 |
_c47518 _d47518 |
||